Vyřezávaný osel /

Sbírka volných veršů, zachycujících přírodní nálady, útržkovité záběry pozorovaného životního dění, zážitky z básníkova rodinného prostředí, osobní pocity a milostné zážitky zašifrované do jinotajů a provázené asociačními představami

Hlavní autor: Skarlant, Petr, 1939-2019
Další autoři: Frýbort, Zdeněk, 1931-2013, Šváb, Pavel, 1936-2010
Jazyk: Čeština
Vydáno: Praha : Mladá fronta, 1969
Vydání: 1. vyd.
Edice: Mladé cesty
Fyzický popis: 51, [2] s. ; 8°
Knihy
Uloženo v:
LEADER 01259nam a22003252a 4500
001 000941733
003 CZ BrMZK
005 20090622093754.0
007 ta
008 090528s1969 xr er|||||||||||cze d
015 |a cnb000145661 
035 |a (OCoLC)40972498 
040 |a ABA001  |b cze  |c ULG001  |d ABA001 
080 |a 885-1 
100 1 |a Skarlant, Petr,  |d 1939-2019  |7 jk01111510  |4 aut 
245 1 0 |a Vyřezávaný osel /  |c Petr Skarlant 
250 |a 1. vyd. 
260 |a Praha :  |b Mladá fronta,  |c 1969  |f (Mír 5) 
300 |a 51, [2] s. ;  |c 8° 
490 1 |a Mladé cesty ;  |v sv. 33 
500 |a Vl. jm. autora: Škrdlant, Petr 
500 |a 800 výt. 
520 |a Sbírka volných veršů, zachycujících přírodní nálady, útržkovité záběry pozorovaného životního dění, zážitky z básníkova rodinného prostředí, osobní pocity a milostné zážitky zašifrované do jinotajů a provázené asociačními představami 
700 1 |a Frýbort, Zdeněk,  |d 1931-2013  |7 jk01032054  |4 edt 
700 1 |a Šváb, Pavel,  |d 1936-2010  |7 xx0168173  |4 art 
830 0 |a Mladé cesty  |0 s 
910 |a BOA001  |b 1-0634.245 
990 |a BK 
991 |b 200905 
996 6 |b 2619491962  |c 1-0634.245  |l MZK  |r Sklad / do 1 hodiny  |n 0  |w 000941733  |u 000010  |a 1  |e BOA001  |j MZK50  |s P